[Event "Titled Tuesday 2021.01.19"]
[Site "Chess.com INT"]
[Date "2021.01.19"]
[Round "5"]
[White "Svidler, Peter"]
[Black "Sai, Krishna GV"]
[Result "1-0"]
[WhiteElo "2714"]
[BlackElo "2405"]
[WhiteFideId "-1"]
[WhiteFideId "-1"]
[PlyCount "111"]
[GameId "1608592123576320"]
[EventDate "2021.01.19"]
[EventType "swiss (blitz)"]
[EventRounds "11"]
[EventCountry "NET"]
[SourceTitle "CBM 200 Extra"]
[Source "ChessBase"]
[SourceDate "2021.03.31"]
[SourceVersion "1"]
[SourceVersionDate "2021.03.31"]
[SourceQuality "1"]

1. e4 e5 2. Nf3 Nc6 3. Bb5 a6 4. Ba4 d6 5. O-O Nf6 6. Bxc6+ bxc6 7. d4 exd4 8. Nxd4 c5 9. Nc6 Qd7 10. Na5 Be7 11. Nc3 O-O 12. Re1 Re8 13. b3 Qg4 14. f3 Qg6 15. Be3 Bh3 16. Qd2 Rad8 17. Nc6 Rd7 18. Kh1 Be6 19. Nxe7+ Rdxe7 20. Rad1 c4 21. b4 Qh5 22. Bd4 Nd7 23. Ne2 Ne5 24. Ng3 Qh4 25. Kg1 h6 26. Bf2 Qf6 27. Bd4 Qh4 28. Bxe5 dxe5 29. Qc3 Qg5 30. Nf1 h5 31. Qe3 Qg6 32. h4 f5 33. Qg5 Qxg5 34. hxg5 c3 35. exf5 Bxf5 36. Ne3 Be6 37. Nd5 Rd7 38. Nxc3 Rxd1 39. Rxd1 Bf5 40. Kf2 Bxc2 41. Rd7 e4 42. Rxc7 exf3 43. gxf3 h4 44. Nd5 Bb1 45. a4 Ba2 46. Nf4 Rb8 47. g6 Kf8 48. Nh5 Rxb4 49. Rxg7 Rxa4 50. Ra7 h3 51. g7+ Ke8 52. Nf6+ Kd8 53. Kg3 Rh4 54. Kh2 Rf4 55. Rxa6 Rxf3 56. Rxa2 1-0

[Event "Titled Tuesday 2021.01.19"]
[Site "Chess.com INT"]
[Date "2021.01.19"]
[Round "6"]
[White "Sai, Krishna GV"]
[Black "Kalashian, David"]
[Result "0-1"]
[WhiteElo "2405"]
[BlackElo "2398"]
[WhiteFideId "-1"]
[WhiteFideId "-1"]
[PlyCount "82"]
[GameId "1608592124428288"]
[EventDate "2021.01.19"]
[EventType "swiss (blitz)"]
[EventRounds "11"]
[EventCountry "NET"]
[SourceTitle "CBM 200 Extra"]
[Source "ChessBase"]
[SourceDate "2021.03.31"]
[SourceVersion "1"]
[SourceVersionDate "2021.03.31"]
[SourceQuality "1"]

1. e4 c6 2. Nc3 g6 3. h4 h5 4. Bc4 Bg7 5. Nh3 b5 6. Bb3 b4 7. Ne2 d5 8. Nef4 e5 9. Ne2 Bxh3 10. Rxh3 dxe4 11. d3 Nf6 12. Bg5 O-O 13. dxe4 Qxd1+ 14. Rxd1 Nxe4 15. Be7 Re8 16. Bxb4 Na6 17. Ba5 Nac5 18. Bc4 Rab8 19. Rf3 Rb7 20. b4 Ne6 21. Bd3 Nf6 22. Ba6 Rd7 23. Rxd7 Nxd7 24. Rd3 Nf6 25. Rd6 Nd4 26. Nxd4 exd4+ 27. Kf1 Ne4 28. Rxc6 Nd2+ 29. Kg1 Re1+ 30. Kh2 Be5+ 31. g3 Rc1 32. Bd3 Nf3+ 33. Kg2 Ne1+ 34. Kh3 Nxd3 35. Rc8+ Kg7 36. Re8 Nxf2+ 37. Kg2 Ng4 38. Rc8 d3 39. Rd8 Rxc2+ 40. Kf3 f5 41. b5 Rf2# 0-1

[Event "Titled Tuesday 2021.01.12"]
[Site "Chess.com INT"]
[Date "2021.01.12"]
[Round "2"]
[White "Sai, Krishna GV"]
[Black "Zhurbinsky, David J"]
[Result "1/2-1/2"]
[WhiteElo "2405"]
[BlackElo "1823"]
[WhiteFideId "-1"]
[WhiteFideId "-1"]
[PlyCount "146"]
[GameId "1606079935926272"]
[EventDate "2021.01.12"]
[EventType "swiss (blitz)"]
[EventRounds "11"]
[EventCountry "NET"]
[SourceTitle "CBM 200 Extra"]
[Source "ChessBase"]
[SourceDate "2021.03.31"]
[SourceVersion "1"]
[SourceVersionDate "2021.03.31"]
[SourceQuality "1"]

1. e4 e5 2. Nf3 Nc6 3. Bb5 a6 4. Ba4 Nf6 5. O-O Be7 6. Re1 b5 7. Bb3 O-O 8. h3 Bb7 9. Nc3 d6 10. a3 Na5 11. Ba2 c5 12. d3 Nc6 13. Bg5 h6 14. Bxf6 Bxf6 15. Nd5 Nd4 16. Nh2 Rc8 17. c3 Ne6 18. a4 Bxd5 19. Bxd5 Nf4 20. axb5 axb5 21. Ng4 Nxd5 22. exd5 Kh7 23. Qb3 Rb8 24. Ra7 h5 25. Nxf6+ Qxf6 26. Rea1 c4 27. Qc2 Qg6 28. Rd1 b4 29. Ra6 bxc3 30. bxc3 Rb3 31. Rxd6 cxd3 32. Qxb3 Qxd6 33. Rxd3 Rb8 34. Qc2 e4 35. Rd1 f5 36. c4 Rc8 37. Qe2 g6 38. Rb1 Rc7 39. Rb5 h4 40. Ra5 Qb4 41. Ra8 Qxc4 42. Qxc4 Rxc4 43. d6 Rd4 44. Rd8 Kg7 45. Kf1 Kf7 46. Ke2 Ke6 47. Rg8 Kf7 48. Rd8 Ke6 49. Rg8 Kf7 50. Rh8 Rxd6 51. Rxh4 Kf6 52. f3 Kg5 53. Rh8 exf3+ 54. Kxf3 Rd3+ 55. Kf2 Ra3 56. Re8 Kf4 57. Rg8 Ra2+ 58. Kg1 g5 59. Rc8 g4 60. Rc4+ Kg5 61. Kh2 f4 62. Rc5+ Kh4 63. hxg4 Kxg4 64. Rc4 Kf5 65. Rc3 Ke4 66. Rh3 Rf2 67. Kg1 Re2 68. Rh7 Ra2 69. Rf7 Ke3 70. Kh2 Rf2 71. Kh3 f3 72. gxf3 Rxf3+ 73. Rxf3+ Kxf3 1/2-1/2

[Event "Titled Tuesday 2021.01.12"]
[Site "Chess.com INT"]
[Date "2021.01.12"]
[Round "3"]
[White "Estrada Nieto, Julian"]
[Black "Sai, Krishna GV"]
[Result "0-1"]
[WhiteElo "2280"]
[BlackElo "2405"]
[WhiteFideId "-1"]
[WhiteFideId "-1"]
[PlyCount "56"]
[GameId "1606079936135168"]
[EventDate "2021.01.12"]
[EventType "swiss (blitz)"]
[EventRounds "11"]
[EventCountry "NET"]
[SourceTitle "CBM 200 Extra"]
[Source "ChessBase"]
[SourceDate "2021.03.31"]
[SourceVersion "1"]
[SourceVersionDate "2021.03.31"]
[SourceQuality "1"]

1. e4 e5 2. Nf3 Nc6 3. Bb5 a6 4. Ba4 d6 5. Bxc6+ bxc6 6. d4 exd4 7. Nxd4 c5 8. Ne2 g6 9. Nbc3 Bg7 10. O-O Ne7 11. Be3 O-O 12. Qd2 Rb8 13. Rab1 f5 14. Bg5 Qd7 15. Nd5 Nxd5 16. Qxd5+ Qf7 17. Nc3 Be6 18. Qd2 Bxa2 19. Ra1 Rxb2 20. exf5 Qxf5 21. Nxa2 Rxc2 22. Qe3 Bxa1 23. Rxa1 Qxf2+ 24. Qxf2 Rfxf2 25. h4 Rxg2+ 26. Kh1 Rh2+ 27. Kg1 Rcg2+ 28. Kf1 Rxa2 0-1

[Event "Titled Tuesday 2021.01.12"]
[Site "Chess.com INT"]
[Date "2021.01.12"]
[Round "4"]
[White "Sai, Krishna GV"]
[Black "Kusa, Jakub"]
[Result "0-1"]
[WhiteElo "2405"]
[BlackElo "2336"]
[WhiteFideId "-1"]
[WhiteFideId "-1"]
[PlyCount "48"]
[GameId "1606079937249280"]
[EventDate "2021.01.12"]
[EventType "swiss (blitz)"]
[EventRounds "11"]
[EventCountry "NET"]
[SourceTitle "CBM 200 Extra"]
[Source "ChessBase"]
[SourceDate "2021.03.31"]
[SourceVersion "1"]
[SourceVersionDate "2021.03.31"]
[SourceQuality "1"]

1. e4 e5 2. Nf3 Nc6 3. Bb5 a6 4. Ba4 Nf6 5. O-O Nxe4 6. d4 b5 7. Bb3 d5 8. dxe5 Be6 9. Nbd2 Bc5 10. Nxe4 dxe4 11. Bxe6 Qxd1 12. Bxf7+ Kxf7 13. Ng5+ Kg6 14. Rxd1 e3 15. Ne6 exf2+ 16. Kf1 Bb6 17. Nf4+ Kf5 18. Nd5 Rad8 19. Be3 Rxd5 20. Rxd5 Bxe3 21. Rd7 Nxe5 22. Rxg7 Ng4 23. Ke2 Re8 24. Rxh7 Bc1+ 0-1

[Event "Titled Tuesday 2020.08.18"]
[Site "Chess.com INT"]
[Date "2020.08.18"]
[Round "1"]
[White "Tarasenka, Aliaksandra"]
[Black "Sai, Krishna GV"]
[Result "0-1"]
[WhiteElo "2070"]
[BlackElo "2405"]
[WhiteFideId "-1"]
[WhiteFideId "-1"]
[PlyCount "82"]
[GameId "1552763711901696"]
[EventDate "2020.08.18"]
[EventType "swiss (blitz)"]
[EventRounds "10"]
[EventCountry "NET"]
[SourceTitle "CBM 197 Extra"]
[Source "ChessBase"]
[SourceDate "2020.09.30"]
[SourceVersion "1"]
[SourceVersionDate "2020.09.30"]
[SourceQuality "1"]

1. e4 e5 2. Nf3 Nc6 3. d4 exd4 4. Nxd4 Nf6 5. Nxc6 bxc6 6. e5 Qe7 7. Qe2 Nd5 8. c4 Ba6 9. b3 g6 10. Bb2 Bg7 11. Nd2 O-O 12. g3 Rae8 13. f4 d6 14. Nf3 dxe5 15. fxe5 Bh6 16. Bh3 Qb4+ 17. Kf2 Nc3 18. Qe1 Qb6+ 19. Kg2 Na4 20. Bd4 Nc5 21. Qf2 Ne4 22. Bxb6 cxb6 23. Qe2 f5 24. exf6 Nc3 25. Qd3 Re2+ 26. Kf1 Re3 27. f7+ Rxf7 28. Qxe3 Bxe3 29. Be6 b5 30. Bxf7+ Kxf7 31. Re1 Bb6 32. Kg2 Nxa2 33. Ne5+ Kg7 34. Nxc6 bxc4 35. bxc4 Bxc4 36. Re7+ Kh6 37. Rhe1 Bd5+ 38. Kh3 Bxc6 39. g4 Bb5 40. Rf7 Nb4 41. Ree7 Nd3 0-1

[Event "Titled Tuesday 2020.08.18"]
[Site "Chess.com INT"]
[Date "2020.08.18"]
[Round "2"]
[White "Sai, Krishna GV"]
[Black "Toncheva, Nadya"]
[Result "1-0"]
[WhiteElo "2405"]
[BlackElo "2155"]
[WhiteFideId "-1"]
[WhiteFideId "-1"]
[PlyCount "39"]
[GameId "1552763712950272"]
[EventDate "2020.08.18"]
[EventType "swiss (blitz)"]
[EventRounds "10"]
[EventCountry "NET"]
[SourceTitle "CBM 197 Extra"]
[Source "ChessBase"]
[SourceDate "2020.09.30"]
[SourceVersion "1"]
[SourceVersionDate "2020.09.30"]
[SourceQuality "1"]

1. e4 c6 2. Nc3 d5 3. Nf3 Bg4 4. h3 Bh5 5. e5 e6 6. Be2 c5 7. d4 Nc6 8. g4 Bg6 9. Be3 cxd4 10. Nxd4 Nxe5 11. f4 Nc4 12. Bxc4 dxc4 13. f5 Qh4+ 14. Bf2 Qf6 15. fxg6 hxg6 16. Ndb5 Qf4 17. Qd4 Qf3 18. Rh2 Rc8 19. Rd1 Nf6 20. Nc7+ 1-0

[Event "Titled Tuesday 2020.08.18"]
[Site "Chess.com INT"]
[Date "2020.08.18"]
[Round "3"]
[White "Keymer, Vincent"]
[Black "Sai, Krishna GV"]
[Result "1-0"]
[WhiteElo "2568"]
[BlackElo "2405"]
[WhiteFideId "-1"]
[WhiteFideId "-1"]
[PlyCount "143"]
[GameId "1552763715481600"]
[EventDate "2020.08.18"]
[EventType "swiss (blitz)"]
[EventRounds "10"]
[EventCountry "NET"]
[SourceTitle "CBM 197 Extra"]
[Source "ChessBase"]
[SourceDate "2020.09.30"]
[SourceVersion "1"]
[SourceVersionDate "2020.09.30"]
[SourceQuality "1"]

1. Nf3 Nf6 2. c4 g6 3. Nc3 Bg7 4. g3 O-O 5. Bg2 d6 6. d4 Nc6 7. O-O a6 8. b3 Rb8 9. d5 Na5 10. Bg5 c5 11. dxc6 Nxc6 12. Rc1 h6 13. Bd2 Bd7 14. Nd5 Rc8 15. Nxf6+ Bxf6 16. Bxh6 Re8 17. Bg5 Bg7 18. Qd2 b5 19. c5 dxc5 20. Rxc5 Bg4 21. Qxd8 Rexd8 22. Rfc1 Nb4 23. Rxc8 Rxc8 24. Rxc8+ Bxc8 25. a3 Nc2 26. Bxe7 Be6 27. Nd2 Bc3 28. Ne4 Bb2 29. a4 Bxb3 30. a5 Nd4 31. Nc5 Nxe2+ 32. Kh1 Bc4 33. Nxa6 Bd4 34. Bc5 b4 35. Bxd4 Bxa6 36. Bb2 Nc3 37. Kg1 Ne2+ 38. Kh1 Nc3 39. f4 Nd1 40. Bd4 b3 41. Be4 b2 42. Bc2 Kf8 43. Kg2 Ke7 44. Kf3 Kd6 45. g4 Kd5 46. Bf6 Kc4 47. h4 Nc3 48. h5 gxh5 49. gxh5 b1=Q 50. Bxb1 Nxb1 51. h6 Nd2+ 52. Ke3 Nf1+ 53. Kf2 Nh2 54. h7 Ng4+ 55. Ke1 Nxf6 56. h8=Q Nd5 57. Qa8 Bb5 58. a6 Nb4 59. a7 Nd3+ 60. Kd2 Nxf4 61. Qc8+ Kd4 62. a8=Q Nd5 63. Qd8 Bc4 64. Qa7+ Ke4 65. Qh4+ Ke5 66. Qxc4 f5 67. Qad4+ Ke6 68. Qdxd5+ Kf6 69. Qf4 Kg6 70. Qfxf5+ Kg7 71. Qdd7+ Kh6 72. Qdh7# 1-0

[Event "Titled Tuesday 2020.08.18"]
[Site "Chess.com INT"]
[Date "2020.08.18"]
[Round "4"]
[White "Grunberg, Mihai Lucian"]
[Black "Sai, Krishna GV"]
[Result "0-1"]
[WhiteElo "2401"]
[BlackElo "2405"]
[WhiteFideId "-1"]
[WhiteFideId "-1"]
[PlyCount "114"]
[GameId "1552763716820992"]
[EventDate "2020.08.18"]
[EventType "swiss (blitz)"]
[EventRounds "10"]
[EventCountry "NET"]
[SourceTitle "CBM 197 Extra"]
[Source "ChessBase"]
[SourceDate "2020.09.30"]
[SourceVersion "1"]
[SourceVersionDate "2020.09.30"]
[SourceQuality "1"]

1. Nf3 g6 2. c4 Bg7 3. d4 c5 4. Nc3 Nc6 5. d5 Nd4 6. e3 Nxf3+ 7. Qxf3 d6 8. Bd3 Nf6 9. h3 h5 10. e4 Nd7 11. Qe2 Qa5 12. Bd2 Ne5 13. Bc2 Qb4 14. b3 Qa3 15. Rb1 a6 16. O-O b5 17. cxb5 O-O 18. b6 a5 19. Nb5 Qxa2 20. Qd1 Ba6 21. Nc3 Qa3 22. Re1 Nd3 23. Re3 Nb4 24. Ra1 Qxa1 25. Qxa1 Nxc2 26. Qc1 Nxe3 27. Bxe3 Rfb8 28. Na4 Bb5 29. Bg5 Kf8 30. Bh6 Bxa4 31. bxa4 Rxb6 32. Qc3 f6 33. Bxg7+ Kxg7 34. g4 hxg4 35. hxg4 Rb4 36. g5 Rxa4 37. gxf6+ exf6 38. Qh3 Ra7 39. Qe6 Rc4 40. Qxd6 a4 41. e5 Rf7 42. e6 Rb7 43. e7 Re4 44. Qxc5 Rbxe7 45. d6 R7e5 46. Qc7+ Kh6 47. d7 Re1+ 48. Kg2 Rg5+ 49. Kf3 Rf5+ 50. Kg2 Rg5+ 51. Kf3 Rf5+ 52. Kg3 Rg1+ 53. Kh2 Rg4 54. Qc1+ Kh7 55. Qe3 Rh5+ 56. Qh3 Rxh3+ 57. Kxh3 Rd4 0-1

[Event "Titled Tuesday 2020.08.18"]
[Site "Chess.com INT"]
[Date "2020.08.18"]
[Round "5"]
[White "Sai, Krishna GV"]
[Black "Yilmaz, Mustafa"]
[Result "0-1"]
[WhiteElo "2405"]
[BlackElo "2630"]
[WhiteFideId "-1"]
[WhiteFideId "-1"]
[PlyCount "66"]
[GameId "1552763717722112"]
[EventDate "2020.08.18"]
[EventType "swiss (blitz)"]
[EventRounds "10"]
[EventCountry "NET"]
[SourceTitle "CBM 197 Extra"]
[Source "ChessBase"]
[SourceDate "2020.09.30"]
[SourceVersion "1"]
[SourceVersionDate "2020.09.30"]
[SourceQuality "1"]

1. e4 e5 2. Nf3 Nc6 3. Bb5 a6 4. Ba4 Nf6 5. O-O b5 6. Bb3 Bb7 7. c3 Nxe4 8. d4 exd4 9. Re1 d5 10. Ng5 Ne5 11. cxd4 Nc4 12. Qf3 Qe7 13. Nc3 f6 14. Nxh7 Rxh7 15. Qf5 g6 16. Qxg6+ Qf7 17. Qf5 Rh5 18. Qg4 f5 19. Qd1 Bd6 20. h3 O-O-O 21. a4 Rg8 22. axb5 Qg6 23. Qf3 Ncd2 24. Bxd2 Nxd2 25. Re8+ Rxe8 26. Qd3 Rg8 27. g4 fxg4 28. Qxg6 Rxg6 29. bxa6 gxh3+ 30. Kh1 Ba8 31. Bc2 Rg2 32. Bd1 Rhg5 33. Be2 Rh2# 0-1

[Event "Titled Tuesday 2020.08.18"]
[Site "Chess.com INT"]
[Date "2020.08.18"]
[Round "7"]
[White "Silva, Kaua Marques"]
[Black "Sai, Krishna GV"]
[Result "0-1"]
[WhiteElo "2121"]
[BlackElo "2405"]
[WhiteFideId "-1"]
[WhiteFideId "-1"]
[PlyCount "100"]
[GameId "1552763720445952"]
[EventDate "2020.08.18"]
[EventType "swiss (blitz)"]
[EventRounds "10"]
[EventCountry "NET"]
[SourceTitle "CBM 197 Extra"]
[Source "ChessBase"]
[SourceDate "2020.09.30"]
[SourceVersion "1"]
[SourceVersionDate "2020.09.30"]
[SourceQuality "1"]

1. e4 e5 2. Nf3 Nc6 3. d4 exd4 4. Bc4 Nf6 5. e5 d5 6. Bb5 Ne4 7. Nxd4 Bd7 8. Bxc6 bxc6 9. O-O Bc5 10. f3 Ng5 11. Be3 Bb6 12. f4 Ne4 13. Nd2 c5 14. N4f3 Nxd2 15. Qxd2 d4 16. Bf2 O-O 17. Bh4 Qc8 18. a4 a5 19. h3 Bc6 20. f5 Qxf5 21. g4 Qg6 22. c4 dxc3 23. Qxc3 h5 24. Qc4 Be4 25. e6 Bd3 26. exf7+ Rxf7 27. Qd5 c4+ 28. Kh2 Be4 29. Ne5 Bxd5 30. Nxg6 Rxf1 31. Rxf1 Be4 32. Ne5 Bd4 33. Nxc4 c5 34. Nd6 Bd3 35. Rd1 Bc2 36. Rc1 Bxa4 37. Ne4 Rb8 38. Nxc5 Rxb2+ 39. Kg3 Bf2+ 40. Kf4 Bxh4 41. Nxa4 Rb4+ 42. Kf5 Rxa4 43. Kg6 Rd4 44. Rc8+ Rd8 45. Rc7 Rd6+ 46. Kf5 Bf6 47. gxh5 Bd8 48. Rc8 Kh7 49. Ra8 Kh6 50. Ra6 Rxa6 0-1

[Event "Titled Tuesday 2020.08.18"]
[Site "Chess.com INT"]
[Date "2020.08.18"]
[Round "8"]
[White "Sai, Krishna GV"]
[Black "Gharibyan, Mamikon"]
[Result "1-0"]
[WhiteElo "2405"]
[BlackElo "2432"]
[WhiteFideId "-1"]
[WhiteFideId "-1"]
[PlyCount "99"]
[GameId "1552763721797632"]
[EventDate "2020.08.18"]
[EventType "swiss (blitz)"]
[EventRounds "10"]
[EventCountry "NET"]
[SourceTitle "CBM 197 Extra"]
[Source "ChessBase"]
[SourceDate "2020.09.30"]
[SourceVersion "1"]
[SourceVersionDate "2020.09.30"]
[SourceQuality "1"]

1. e4 e5 2. Nf3 Nc6 3. Bb5 a6 4. Ba4 Nf6 5. O-O Be7 6. Re1 b5 7. Bb3 d6 8. c3 O-O 9. h3 Bb7 10. d4 Re8 11. Ng5 Rf8 12. Nf3 h6 13. Nbd2 Re8 14. Nf1 Bf8 15. Ng3 Na5 16. Bc2 c5 17. d5 Bc8 18. Nh2 g6 19. Rf1 Bg7 20. b3 Bd7 21. f4 exf4 22. Bxf4 Qc7 23. Qd2 Kh7 24. Rf3 Nb7 25. Raf1 Re7 26. Be3 Ng8 27. Rxf7 Rxf7 28. Rxf7 Rf8 29. Rxf8 Bxf8 30. h4 Bg7 31. h5 Be8 32. Ng4 Qe7 33. e5 Qh4 34. hxg6+ Kh8 35. Nf6 Qxg3 36. Nxe8 Bxe5 37. Kf1 Nd8 38. Bf2 Qg4 39. g7+ Bxg7 40. Nxd6 Be5 41. Nf5 Nf7 42. d6 Nf6 43. d7 Bc7 44. d8=Q+ Bxd8 45. Nxh6 Nxh6 46. Qxh6+ Kg8 47. Bxc5 Kf7 48. Qf8+ Ke6 49. Qd6+ Kf7 50. Qxd8 1-0

[Event "Titled Tuesday 2020.08.18"]
[Site "Chess.com INT"]
[Date "2020.08.18"]
[Round "9"]
[White "Sai, Krishna GV"]
[Black "Belous, Vladimir"]
[Result "0-1"]
[WhiteElo "2405"]
[BlackElo "2524"]
[WhiteFideId "-1"]
[WhiteFideId "-1"]
[PlyCount "80"]
[GameId "1552763722559488"]
[EventDate "2020.08.18"]
[EventType "swiss (blitz)"]
[EventRounds "10"]
[EventCountry "NET"]
[SourceTitle "CBM 197 Extra"]
[Source "ChessBase"]
[SourceDate "2020.09.30"]
[SourceVersion "1"]
[SourceVersionDate "2020.09.30"]
[SourceQuality "1"]

1. e4 c5 2. Nf3 Nc6 3. Nc3 g6 4. d4 cxd4 5. Nxd4 Bg7 6. Be3 Nf6 7. Bc4 O-O 8. Bb3 a5 9. Nxc6 bxc6 10. e5 Ne8 11. e6 fxe6 12. Bxe6+ Kh8 13. h4 Nf6 14. Bc4 d5 15. Be2 e5 16. Bc5 Rf7 17. h5 g5 18. h6 Bf8 19. Be3 Ng8 20. Bh5 Rb7 21. Na4 Rb4 22. c3 Rb5 23. Qf3 Bxh6 24. Bf7 Bg7 25. Qh5 Nf6 26. Qxg5 d4 27. Bd2 e4 28. Qh4 e3 29. fxe3 dxe3 30. Bxe3 Qe7 31. O-O-O Qxe3+ 32. Kb1 Bf5+ 33. Ka1 Qe4 34. Qg3 Qxa4 35. Qc7 Rbb8 36. g4 Qc2 37. Rb1 Nxg4 38. Bb3 Rxb3 39. axb3 Qxb3 40. Rbd1 Qa4# 0-1

[Event "Titled Tuesday 2020.08.18"]
[Site "Chess.com INT"]
[Date "2020.08.18"]
[Round "10"]
[White "Jones, Gawain C B"]
[Black "Sai, Krishna GV"]
[Result "0-1"]
[WhiteElo "2670"]
[BlackElo "2405"]
[WhiteFideId "-1"]
[WhiteFideId "-1"]
[PlyCount "84"]
[GameId "1552763723730944"]
[EventDate "2020.08.18"]
[EventType "swiss (blitz)"]
[EventRounds "10"]
[EventCountry "NET"]
[SourceTitle "CBM 197 Extra"]
[Source "ChessBase"]
[SourceDate "2020.09.30"]
[SourceVersion "1"]
[SourceVersionDate "2020.09.30"]
[SourceQuality "1"]

1. a3 g6 2. h4 Bg7 3. h5 d5 4. Nf3 e5 5. d3 Nc6 6. Nc3 Be6 7. Ng5 Bg4 8. f3 Bf6 9. hxg6 Bxg5 10. g7 Bh4+ 11. Rxh4 Qxh4+ 12. g3 Qxg3+ 13. Kd2 Bxf3 14. gxh8=Q Qg5+ 15. Ke1 Qh4+ 16. Kd2 Qg5+ 17. e3 Bxd1 18. Nxd1 Qg6 19. Bh3 f5 20. e4 dxe4 21. Ne3 f4 22. Nd5 e3+ 23. Kc3 Rd8 24. Qxg8+ Qxg8 25. Nf6+ Kf7 26. Nxg8 Rxg8 27. b4 Nd4 28. Bb2 f3 29. Rh1 f2 30. Bf1 e2 31. Bxe2 Nxe2+ 32. Kc4 Rg1 33. Rxh7+ Kg6 34. Rxc7 f1=Q 35. Bxe5 Nf4 36. Re7 Qc1 37. Kb3 Nxd3 38. cxd3 Qb1+ 39. Kc4 Rg4+ 40. d4 Qc2+ 41. Kd5 Qe4+ 42. Kd6 Qc6# 0-1

[Event "Titled Tuesday 2020.08.04 Early"]
[Site "Chess.com INT"]
[Date "2020.08.04"]
[Round "5"]
[White "Parnali, S Dharia"]
[Black "Sai, Krishna GV"]
[Result "0-1"]
[WhiteElo "2243"]
[BlackElo "2405"]
[WhiteFideId "-1"]
[WhiteFideId "-1"]
[PlyCount "64"]
[GameId "1547685874892800"]
[EventDate "2020.08.04"]
[EventType "swiss (blitz)"]
[EventRounds "10"]
[EventCountry "NET"]
[SourceTitle "CBM 197 Extra"]
[Source "ChessBase"]
[SourceDate "2020.09.30"]
[SourceVersion "1"]
[SourceVersionDate "2020.09.30"]
[SourceQuality "1"]

1. d4 Nf6 2. c4 g6 3. Nc3 Bg7 4. e4 d6 5. f3 O-O 6. Nge2 Nc6 7. Be3 a6 8. h4 h5 9. Qd2 Rb8 10. Nc1 e5 11. d5 Nd4 12. Nb3 c5 13. dxc6 bxc6 14. Nxd4 exd4 15. Bxd4 d5 16. cxd5 cxd5 17. e5 Nd7 18. f4 f6 19. Ba7 Rb7 20. Qxd5+ Kh7 21. O-O-O Rxa7 22. e6 Qb6 23. Bd3 f5 24. exd7 Qe3+ 25. Kc2 Rxd7 26. Qf3 Qb6 27. g4 fxg4 28. Qe4 Rxd3 29. Qxd3 Bf5 30. Ne4 Qc6+ 31. Kd2 Bxe4 32. Qa3 Bxh1 0-1

[Event "Titled Tuesday 2020.04.28"]
[Site "Chess.com INT"]
[Date "2020.04.28"]
[Round "1"]
[White "Sai, Krishna GV"]
[Black "Rodriguez, Santiago"]
[Result "1-0"]
[WhiteElo "2405"]
[BlackElo "2252"]
[WhiteFideId "-1"]
[WhiteFideId "-1"]
[PlyCount "93"]
[GameId "1515683255382016"]
[EventDate "2020.04.28"]
[EventType "swiss (blitz)"]
[EventRounds "10"]
[EventCountry "NET"]
[SourceTitle "EXT 2021"]
[Source "ChessBase"]
[SourceDate "2020.10.23"]
[SourceVersion "1"]
[SourceVersionDate "2020.10.23"]
[SourceQuality "1"]

1. e4 c5 2. Nf3 Nc6 3. Nc3 e5 4. Bb5 d6 5. O-O Nge7 6. Nd5 Bd7 7. c3 a6 8. Bxc6 bxc6 9. Nxe7 Bxe7 10. d4 cxd4 11. cxd4 exd4 12. Nxd4 O-O 13. Bd2 Bf6 14. Bc3 Re8 15. Re1 c5 16. Nc2 Bxc3 17. bxc3 Bc6 18. f3 d5 19. exd5 Qxd5 20. Ne3 Qg5 21. Kf2 Rad8 22. Qc2 Re6 23. Rad1 Rde8 24. Nf5 g6 25. Ng3 h5 26. Rxe6 Rxe6 27. Qd2 Qxd2+ 28. Rxd2 h4 29. Ne2 h3 30. Nf4 Re8 31. Nxh3 Rb8 32. Nf4 Kg7 33. Nd3 Rb5 34. Ne5 Be8 35. Rd8 Kf8 36. Nc4 Ke7 37. Rxe8+ Kxe8 38. Nd6+ Kd7 39. Nxb5 axb5 40. h4 Kc6 41. g4 Kd5 42. Ke3 Ke5 43. f4+ Kd5 44. h5 gxh5 45. gxh5 Ke6 46. h6 Kf6 47. f5 1-0

[Event "Titled Tuesday 2020.03.03 Late"]
[Site "Chess.com INT"]
[Date "2020.03.03"]
[Round "2"]
[White "Narayanan, Sunilduth Lyna"]
[Black "Sai, Krishna GV"]
[Result "0-1"]
[WhiteElo "2618"]
[BlackElo "2405"]
[WhiteFideId "-1"]
[WhiteFideId "-1"]
[PlyCount "108"]
[GameId "1515682784731136"]
[EventDate "2020.03.03"]
[EventType "swiss (blitz)"]
[EventRounds "10"]
[EventCountry "NET"]
[SourceTitle "EXT 2021"]
[Source "ChessBase"]
[SourceDate "2020.10.23"]
[SourceVersion "1"]
[SourceVersionDate "2020.10.23"]
[SourceQuality "1"]

1. c4 e5 2. Nc3 Nc6 3. Nf3 Nf6 4. e4 Bb4 5. d3 O-O 6. a3 Bxc3+ 7. bxc3 Qe7 8. g3 d6 9. Bg2 Bg4 10. h3 Bxf3 11. Qxf3 Nd7 12. h4 Nc5 13. O-O Nb3 14. Rb1 Nxc1 15. Rfxc1 b6 16. h5 h6 17. Bh3 Nd8 18. Kh2 Ne6 19. Bf5 Qg5 20. Rg1 Qd2 21. Rbd1 Qxc3 22. Bxe6 fxe6 23. Qe2 Qxa3 24. Rg2 Qc5 25. Rdg1 Rf6 26. f3 Raf8 27. Rf1 a5 28. g4 Rf4 29. Rg3 a4 30. Rfg1 a3 31. g5 Rh4+ 32. Kg2 Rxh5 33. gxh6 Rxh6 34. Qd2 Rh7 35. Qg5 a2 36. Qc1 Ra8 37. Qa1 Qe3 38. Rf1 Qxd3 39. c5 dxc5 40. f4 Qxe4+ 41. Rgf3 exf4 42. R1f2 Qb1 43. Rf1 Qxa1 44. Rxa1 g5 45. Rf2 e5 46. Re2 Re7 47. Kf3 Kf7 48. Kg4 Kf6 49. Rh2 e4 50. Rh6+ Ke5 51. Rg6 e3 52. Kf3 Kd4 53. Rxg5 e2 54. Rgg1 e1=Q 0-1

[Event "PRO League Eastern"]
[Site "Chess.com INT"]
[Date "2017.01.25"]
[Round "3"]
[White "Sai, Krishna GV"]
[Black "Nihal, Sarin"]
[Result "0-1"]
[WhiteElo "2339"]
[BlackElo "2340"]
[WhiteFideId "-1"]
[WhiteFideId "-1"]
[PlyCount "122"]
[GameId "1080962345136128"]
[EventDate "2017.01.11"]
[EventType "team-swiss (rapid)"]
[EventRounds "7"]
[EventCountry "USA"]
[SourceTitle "CBM 176 Extra"]
[Source "ChessBase"]
[SourceDate "2017.03.02"]
[SourceVersion "1"]
[SourceVersionDate "2017.03.02"]
[SourceQuality "1"]
[WhiteTeam "Amaravati Yodhas"]
[BlackTeam "Delhi Dynamite"]
[WhiteTeamCountry "IND"]
[BlackTeamCountry "IND"]

1. e4 e6 2. d4 d5 3. Nc3 Bb4 4. Nge2 dxe4 5. a3 Be7 6. Nxe4 Nf6 7. Qd3 Nbd7 8. Ng5 h6 9. Nf3 c5 10. Be3 O-O 11. O-O-O cxd4 12. Bxd4 Qc7 13. Qc3 Qb8 14. Ng3 b5 15. Bd3 Bb7 16. Ne5 Nd5 17. Qe1 N7f6 18. Ne4 Rc8 19. Nxf6+ Bxf6 20. Nd7 Qf4+ 21. Be3 Bxb2+ 22. Kxb2 Qd6 23. Nc5 Qe5+ 24. Kb1 Nc3+ 25. Kc1 Rxc5 26. Bd2 Nxd1 27. Qxe5 Rxe5 28. Rxd1 a6 29. Kb2 Rd5 30. Re1 Rd7 31. Re3 Rc8 32. Rg3 Kh8 33. h4 e5 34. Bc3 Re7 35. Bf5 Rd8 36. h5 f6 37. Re3 Bc8 38. Bg6 Be6 39. Bb4 Red7 40. f4 Bf7 41. fxe5 fxe5 42. Rxe5 Rd5 43. Re7 Bxg6 44. hxg6 Rg5 45. Re6 Rxg2 46. Rxa6 Rc8 47. Bc3 h5 48. Rb6 h4 49. Rxb5 Rxg6 50. Rh5+ Kg8 51. Rxh4 Rgc6 52. Rh3 Rc4 53. Kb3 g5 54. Rg3 g4 55. a4 Rxc3+ 56. Rxc3 Rxc3+ 57. Kxc3 g3 58. a5 g2 59. a6 g1=Q 60. Kb4 Qb6+ 61. Kc3 Qxa6 0-1